000
00228nam a22001097a 4500
100
_a
Sheshadari,shekher
245
_a
Parenting the art & science
250
_a
2016
260
_b
Beyond books
300
_a
190
942
_2
ddc
_c
BK
999
_c
13271
_d
13271